000 00384nam a2200157 a 4500
001 2165
005 20180713182151.0
008 140415s1946 000 0 spa d
041 _aspa
082 _a128
_bNIC
100 1 _aNICOL, EDUARDO
245 1 3 _aLA IDEA DEL HOMBRE
260 _a[s.l.] :
_bSTYLO,
_c1946
300 _a496
650 1 4 _aANTROPOLOGIA FILOSOFICA
999 _c2165
_d2165